000 00637nam a22001817a 4500
008 170817b xxu||||| |||| 00| 0 eng d
020 _a0671468464
082 _21957
_aDC 822.33
_bSh1
100 _922191
_aShakespeare, William
245 _aThe tragedy of King Lear/
_cWilliam Shakespeare.
260 _aNew York:
_bPocket Books,
_cc1957.
300 _axi, 125 pages;
_c17 cm.
440 _922192
_aThe Folger Library general reader's Shakespeare
650 0 _922193
_aLear, King of England (Legendary character -- Drama.
700 _922194
_aWright, Louis B.
_eEditor
700 _922195
_aLaMar, Virginia A.
_eEditor
942 _2ddc
_cDC
999 _c7302
_d7302